000 01170nam0a22002651 4500
001 rc\321548
005 20030307122319.0
035 _a(NLR Aleph) 005555911
090 _a5859963
_c5859963
100 _a20030307d1989 u |0rusy50 ca
101 0 _arus
102 _aRU
105 _ay |||||||||
200 1 _aОрганизация работы территориальных органов Госснаба СССР по реализации планов снабжения
_eТекст лекций [для студентов спец. 06.11]
_fМ-во высш. и сред. спец. образования РСФСР, Хабар. политехн. ин-т, Хабар. ин-т нар. хоз-ва
210 _aХабаровск
_cХИНХ
_d1989
215 _a52 с.
_d20
300 _aНа обл. 2-й авт.: Е.С. Андрианов [!]
320 _aБиблиогр.: с. 51-52
700 1 _aТретьяков
_bМ. М.
_gМихаил Михайлович
701 1 _aАндреянов
_bЕ. С.
_gЕвгений Сергеевич
801 0 _aRU
_bNLR
_gpsbo
801 1 _aRU
_bELAR
_2rusmarc
852 _aNLR
_j89-4/19651
942 _cBOOK
980 _aNB